00477nam a2200193 a 4500001001300000003000900013005001700022008004100039020001000080082001300090100001900103245002300122260004000145300000900185500003500194505000900229650002300238650002200261nice12345678IN_TiNIC20260116012157.0050524s1940 dela grp 000 0 urd  ac10000a193bNIE aNietzsche, F W aBa Qaol-E-Zardusht aDelhibAnjuman Taraqqi-E-Urduc1940 a463p aincludes index and biblioraphy2 aill. aPhilosophy-Western aPhilosophy-German